000 00643nam a22002057a 4500
999 _c11760
_d11760
003 AR-CdUCM
008 190404b ||||| |||| 00| 0 spa d
040 _aMUNICIPALIDAD PROVINCIAL DEL CUSCO
_cBIBLIOTECA MUNICIPAL DEL CUSCO
082 _a371 /
_bM22 / 1933
100 _aMantovani, Juan
_9125
245 _aEducación y plenitud humana /
260 _aBuenos Aires :
_bM. Gleizer,
_c1933.
300 _a251 páginas ;
_c18 cm.
505 _aContendido: El problema filosófico de la educación.
650 _aEducación
_9460
650 _aFilosofía
_9395
650 _aCiencias sociales
_91096
942 _2ddc
_cLIBROS
945 _adavv